• 首页
  • 本馆介绍
  • 公告通知
  • 最新文献
  • 馆藏检索
  • 电子资源
  • 读者导购
  • 参考咨询
  • 我的图书馆
  • 登录
  • 详细信息显示
  • 放入我的书架
  • 预约/预借图书
  • 作者相关作品
  • 分类相关作品
  • 丛书相关作品
  • 出版社相关作品

书目信息

  • 表格格式
  • 工作单格式
  • 卡片格式
题名:
教学设计
    
 
作者: 皮连生 主编
分册:  
出版信息: 北京   高等教育出版社  2000
页数: 229页
开本: 23cm
丛书名:
单 册:
中图分类: G424.21 , G441
科图分类:
主题词: 课堂教学--设计--高等学校--教材 , 课堂教学 , 课堂教学--教学心理学--高等学校--教材 , 教学心理学
电子资源:
ISBN: 7-04-008553-4
000 01202nam0 2200301 450
001 1571509404
005 20150203100830.04
010    @a7-04-008553-4@dCNY13.10
100    @a20000831d2000 em y0chiy0110 ea
101 0  @achi
102    @aCN@b110000
105    @ay z 000yy
200 1  @a教学设计@9jiao xue she ji@e心理学的理论与技术@f皮连生主编
210    @a北京@c高等教育出版社@d2000
215    @a229页@d23cm
300    @a面向21世纪课程教材
330    @a本书从理论与技术的角度阐释了教学设计。全书共分十章,前二章介绍教学设计的有关概念及其理论基础;以后各章分别从设置教学目标、分析学习任务、各种知识类型的教学过程,直到教学技术、教学媒体和教学环境,以及教学结果的测量与评价,对课堂教学全过程的教学设计的方法、步骤与有关的心理学依据,作了全面介绍。
510 1  @aInstructional design@eTheory and application in psychology@zeng
517 1  @a心理学的理论与技术@9xin li xue de li lun yu ji shu
606 0  @a课堂教学@x设计@x高等学校@x教材
606 0  @a课堂教学
606 0  @a课堂教学@x教学心理学@x高等学校@x教材
606 0  @a教学心理学
690    @aG424.21@v5
690    @aG441@v5
701  0 @a皮连生@9pi lian sheng@4主编
801  0 @aCN@bTSSF@c20150203
905    @aZUCC@dG424.21@eJY9
    
    教学设计:心理学的理论与技术/皮连生主编.-北京:高等教育出版社,2000
    229页;23cm
    面向21世纪课程教材
    
    ISBN 7-04-008553-4:CNY13.10
    本书从理论与技术的角度阐释了教学设计。全书共分十章,前二章介绍教学设计的有关概念及其理论基础;以后各章分别从设置教学目标、分析学习任务、各种知识类型的教学过程,直到教学技术、教学媒体和教学环境,以及教学结果的测量与评价,对课堂教学全过程的教学设计的方法、步骤与有关的心理学依据,作了全面介绍。
●
相关链接 在E读中查询图书 在五车中查询图书 在当当中查询图书 在豆瓣中查询图书


正题名:教学设计     索取号:G424.21/JY9         预约/预借

序号 登录号 条形码 馆藏地/架位号 状态 备注
1 7858430   278584300   学院路分馆/ [索取号:G424.21/JY9] 在馆    
2 7865452   278654528   学院路分馆/ [索取号:G424.21/JY9] 在馆    
唐山师范学院图书馆 欢迎您!
大连网信软件有限公司© 版权所有